00618nam a2200145Ia 4500008004100000024008000041082001800121100007700139245004300216260002600259600002500285650003800310856010700348999001700455260210s9999 xx 000 0 und d a17B-068-SE, 17B-069-SE, 17B-081-SE, 17B-081-SE, 17B-091-SE & 17B-131-SE a005.77072 WAJ aWajeeha Safdar, Arabish Gul, Ghazal Jokhio, Sumbul Rana & Komal Ayub 0aFashion Accessories using Smart Mirror aKarachi:bUITU,c2017 aSoftware Engineering aBachelor of Computer Science (BS) uhttps://drive.google.com/file/d/1HE89GflCiYD3QspcoR74WZx37EYz4AZ0/view?usp=sharingyClick here for PDF c33461d33461